000 00313nam a22001337a 4500
008 210303b ||||| |||| 00| 0 eng d
020 _a9780766820777
041 _aeng
080 _a37
100 _a46
101 _aEDU
245 _aThe book of Alternative Photographic Processes
_cJames,CH
942 _2udc
_cBK
999 _c55685
_d55685